Logo BPK

Bibliografia Prac Pracowników

Politechniki Koszalińskiej

An investigation of condensation of refrigerants in compact heat exchangers / (Rekord nr 8044)

Szczegóły MARC
000 -ETYKIETA REKORDU
podpole kontrolne o stałej długości 01087naa a22002057i 4500
003 - IDENTYFIKATOR NUMERU KONTROLNEGO REKORDU
podpole kontrolne KOSZ 005
005 - DATA OSTATNIEJ MODYFIKACJI REKORDU
podpole kontrolne 20180207153621.0
008 - POLE O STAŁEJ DŁUGOŚCI - DANE KONTROLNE
podpole kontrolne o stałej długości 160308s2011 pl ||||| ||||1|| 0 eng
035 ## - NUMER SYSTEMOWY
Numer systemowy przejętego rekordu PBN-R:250449
040 ## - ŹRÓDŁO KATALOGOWANIA
Instytucja, która utworzyła rekord KOSZ 005/md
Instytucja, która sporządziła opis PBN-ID
041 0# - KOD JĘZYKA
Kod języka tekstu eng
100 ## - NAZWA OSOBOWA
Nazwa osobowa BOHDAL, Tadeusz.
Lata pracy 1996 - .
Instytucja Politechnika Koszalińska - Wydział Mechaniczny,
Wydział Katedra Techniki Cieplnej i Chłodnictwa
245 10 - TYTUŁ/ODPOWIEDZIALNOŚĆ
Tytuł An investigation of condensation of refrigerants in compact heat exchangers /
Pozostałe elementy strefy tytułu i oznaczenia odpowiedzialności Tadeusz Bohdal, Paweł Kruczyński, Małgorzata Sikora.
260 ## - STREFA ADRESU WYDAWNICZEGO
Data publikacji, dystrybucji/powstania dokumentu 2011.
655 #0 - TERMIN INDEKSOWY - OKREŚLENIE RODZAJU/FORMY DOKUMENTU
Określnie rodzaju/formy dokumentu Materiały konferencyjne.
700 ## - HASŁO DODATKOWE - NAZWA OSOBOWA
Nazwa osobowa SIKORA, Małgorzata.
Lata pracy 2011 - .
Instytucja Politechnika Koszalińska - Wydział Mechaniczny,
Wydział Katedra Techniki Cieplnej i Chłodnictwa
773 08 - TYTUŁ DOKUMENTU MACIERZYSTEGO
Wyrażenie wprowadzające W :
Tytuł Symposium and IX Workshop : Modelling of Multiphase Flows in Thermo-Chemical Systems. T. 1. -
Adres wydawniczy Gdańsk : Instytut Maszyn Przepływowych PAN, 2011. -
711 ## - HASŁO DODATKOWE - NAZWA IMPREZY
Nazwa imprezy Symposium and Workshop Modelling of Multiphase Flows in Thermo-Chemical Systems
Oznaczenie części/sekcji dzieła (9 ;
Data imprezy 2011 ;
Miejsce imprezy Gdańsk - Wieżyca, Polska).
942 ## - HASŁO DODATKOWE - ELEMENTY(KOHA)
Typ dokumentu Rozdział
Schemat klasyfikacji Uniwersalna klasyfikacja dziesiętna

Brak dostępnych egzemplarzy.

© 2014 Biblioteka Politechniki Koszalińskiej :: BIBLIOGRAFIA PRAC PRACOWNIKÓW